Movies Quiz

Random Movies Quiz

Movie Logos Quiz Stats

Quiz not verified by Sporcle

Also try: IMDb by Year
Challenge
Share
Tweet
Score 0/20 Timer 06:00
0 Plays Today
% Correct
Ghostbusters
91.5%
Transformers
90.8%
Harry Potter
86%
Iron Man
85.6%
Monsters Inc
81.7%
Anchorman: The Legend of Ron Burgundy
67.5%
Dodgeball: A True Underdog Story
67.2%
The Avengers
66.3%
Spider-Man
62.7%
Cars
56.2%
% Correct
Blade Runner
38.6%
Resident Evil
36.6%
The Karate Kid
32.6%
Toy Story
31.6%
Wall-E
30.1%
Back to the Future
29.1%
Moon
21.7%
Office Space
21.5%
RoboCop
18.3%
Up
9.7%

You're not logged in!

Compare scores with friends on all Sporcle quizzes.
Join for Free
OR
Log In

You Might Also Like...

Show Comments

Extras

Top Quizzes Today


Score Distribution

Your Account Isn't Verified!

In order to create a playlist on Sporcle, you need to verify the email address you used during registration. Go to your Sporcle Settings to finish the process.

Report this User

Report this user for behavior that violates our Community Guidelines.

Details: